<?xml version="1.0" encoding="UTF-8"?>
<marc:record xmlns:marc="http://www.loc.gov/MARC21/slim">
   <marc:leader>00000nam a2200000 a 4500</marc:leader>
   <marc:datafield ind1="0" ind2="0" tag="245">
      <marc:subfield code="a">Yakari</marc:subfield>
   </marc:datafield>
   <marc:datafield ind1="0" ind2="0" tag="245">
      <marc:subfield code="b">das Kartenspiel</marc:subfield>
   </marc:datafield>
   <marc:datafield ind1="1" ind2=" " tag="520">
      <marc:subfield code="a">Der Stamm der Sioux ist in heller Aufregung. Alle wollen mit dem großen Sonnentanz beginnen, doch Yakari und seine Freunde sind noch immer nicht zu Hause. Sie haben beim Spielen völlig die Zeit vergessen! Also macht sich der ganze Stamm auf die Suche nach ihnen. Doch wo hat sich die Rasselbande nur versteckt? Im Wald, am Fluss oder in der Prärie? Wer kann den Sioux helfen, die kleine Freunde zu finden und sammelt dabei die meisten Punkte? &#xD;
Für 2 bis 5 Spieler von 6 bis 99 Jahren.</marc:subfield>
   </marc:datafield>
   <marc:datafield ind1=" " ind2=" " tag="020">
      <marc:subfield code="a">4251192113030</marc:subfield>
      <marc:subfield code="9">4251192113030</marc:subfield>
   </marc:datafield>
   <marc:datafield ind1=" " ind2=" " tag="500">
      <marc:subfield code="a">1 Tonie-Figur</marc:subfield>
   </marc:datafield>
   <marc:datafield ind1="0" ind2=" " tag="490">
      <marc:subfield code="v">0</marc:subfield>
   </marc:datafield>
   <marc:datafield ind1=" " ind2=" " tag="300">
      <marc:subfield code="a">ca. 39 Min.</marc:subfield>
   </marc:datafield>
</marc:record>
